000 01107nam a22003377a 4500
003 CHAP
005 20220817042211.0
008 971013s1969 r 00010 d
010 _a37489
011 _a38461
035 _a42581
040 _cCHAP
090 _aFolleto 2932y
100 0 0 _aParkhurst, Raymond T.
_985623
245 1 _aProducción comercial de pollos parrilleros
260 _aMéxico :
_bCentro Regional de Ayuda Técnica,
_c1969
300 _a64 p.
_b: ilus.
490 _aUSDA. Agriculture handbook
_v; 151
590 _aBATCH-UPD
_b10
_c20130110
_lUCH01
_h0128
590 _aBATCH-UPD
_b10
_c20130110
_lUCH01
_h2149
590 _aBATCH-UPD
_b10
_c20130409
_lUCH01
_h2123
590 _aBATCH-UPD
_b10
_c20130914
_lUCH01
_h0911
590 _aCONVERSION
_b10
_c20130109
_lUCH01
_h1321
650 1 4 _aPollos para el asador.
_990272
710 0 _aCentro Regional de Ayuda Técnica.
_921261
710 0 _aE.U.A. Department of Agriculture.
_934876
830 0 _aUSDA Agriculture handbook
_v; 151
901 _aBK
942 _cFOLL
949 _aFolleto 2932y
_bBC
_cFOLL
_d-97985
_eTS1
_i42581
_mD
_si
999 _c37489
_d37489